| 000 | 02196cam a22005054i 4500 | ||
|---|---|---|---|
| 003 | PE-LiUPU | ||
| 005 | 20250731173010.0 | ||
| 008 | 150623s r 000 0 d | ||
| 035 | _a(Sirsi) a22712 | ||
| 040 |
_aPE-LiUPU _bspa _cPE-LiUPU _erda |
||
| 082 | 0 | 4 |
_a266.673 _bH749t _221 |
| 100 |
_aHolmes C., Raymond, _eAutor. _9892 |
||
| 245 | 1 | 4 |
_aThe tip of an iceberg / _cRaymond Holmes C. |
| 264 | 1 |
_aWakefield, MI : _bAdventists Affirm and Pointer Publications, _c1994. |
|
| 300 |
_a196 páginas ; _c20 cm. |
||
| 336 |
_atext _2rdacontent |
||
| 337 |
_aunmediated _2rdamedia |
||
| 338 |
_avolume _2rdacarrier |
||
| 504 | _aIncluye bibliografía. | ||
| 505 | 0 | _aSola scriptura: a personal pilgrimage. -Two divergent methods of interpretation. -Ellen W. White and the Bibli. -Full authority of the Bible. -The tip of the Iceberg: its feminist ideology. -The tip of the iceberg: a critique. -Pertinent Bible passages. -The iceberg in other waters. -Adventism at a crossroads. | |
| 526 | _aSEG42 | ||
| 526 | _aSEG41 | ||
| 526 | _aSEG40 | ||
| 526 | _aSEG39 | ||
| 526 | _aP94 | ||
| 526 | _aP87 | ||
| 526 | _aP86 | ||
| 526 | _aP85 | ||
| 526 | _aP77 | ||
| 526 | _aP76 | ||
| 526 | _aP35 | ||
| 650 | 0 | 0 |
_aMujeres en el ministerio (IASD). _9893 |
| 942 |
_2ddc _cBK |
||
| 949 |
_a266.673 H71 _wDEWEY _c1 _i47176 _lCCODEBUL1 _mBUL _p00.00 _r0 _sY _tBOOK _u2015-06-24 _xTEOLOGIA _0COMPRA _o.STAFF. Colección General |
||
| 949 |
_a266.673 H71 _wDEWEY _c2 _i50631 _lCCODEBUL1 _mBUL _p3.30 _r0 _sY _tBOOK _u2015-06-24 _xTEOLOGIA _0COMPRA _o.STAFF. Colección General |
||
| 949 |
_a266.673 H71 _wDEWEY _c3 _i38390 _lCCODEBUL1 _mBUL _p00.00 _r0 _sY _tBOOK _u2015-06-24 _xTEOLOGIA _0COMPRA _o.STAFF. Colección General |
||
| 949 |
_a266.673 H71 _wDEWEY _c4 _i40471 _lCCODEBUL1 _mBUL _p00.00 _r0 _sY _tBOOK _u2015-06-24 _xTEOLOGIA _0COMPRA _o.STAFF. Colección General |
||
| 949 |
_a266.673 H71 _wDEWEY _c5 _i46548 _lCCODEBUL1 _mBUL _p00.00 _r0 _sY _tBOOK _u2015-06-24 _xTEOLOGIA _0COMPRA _o.STAFF. Colección General |
||
| 999 |
_c23314 _d23314 |
||
| 980 |
_81 _gALBERTO SANCHEZ Responsable de Automatización |
||